000 00322 a2200145 4500
003 Nust
005 20170207154118.0
040 _cNust
082 _a891.439
100 _aNoshi Gillani
245 _aMohbtain jab sumaar karna
260 _aLahore
_bAl Hamid
_c1997
300 _a346 pages
538 _aAlmirah No.67, Shelf No.1
942 _2ddc
_cBK
999 _c194208
_d194208